Experimental Facility for Investigating Polarization Bremsstrahlung in the Optical and X-ray Ranges Based on a 6-MeV Microtron; Russian Physics Journal; Vol. 44, iss. 3
| Parent link: | Russian Physics Journal Vol. 44, iss. 3.— 2001.— [P. 292-298] |
|---|---|
| Altri autori: | , , , , , , , |
| Riassunto: | Title screen The parameters of an experimental facility based on a 6-MeV microtron are given. In addition to the microtron, the facility includes a beam transport channel, a scattering chamber with a goniometer, detectors of different types, and a system of data collection and processing. A program of immediate future experimental investigations is outlined Режим доступа: по договору с организацией-держателем ресурса |
| Lingua: | inglese |
| Pubblicazione: |
2001
|
| Soggetti: | |
| Accesso online: | http://link.springer.com/article/10.1023%2FA%3A1011300204801 |
| Natura: | Elettronico Capitolo di libro |
| KOHA link: | https://koha.lib.tpu.ru/cgi-bin/koha/opac-detail.pl?biblionumber=636383 |
MARC
| LEADER | 00000nla0a2200000 4500 | ||
|---|---|---|---|
| 001 | 636383 | ||
| 005 | 20250327091921.0 | ||
| 035 | |a (RuTPU)RU\TPU\network\332 | ||
| 035 | |a RU\TPU\network\331 | ||
| 090 | |a 636383 | ||
| 100 | |a 20131211d2001 k||y0rusy50 ba | ||
| 101 | 0 | |a eng | |
| 102 | |a US | ||
| 135 | |a drnn ---uucaa | ||
| 181 | 0 | |a i | |
| 182 | 0 | |a b | |
| 200 | 1 | |a Experimental Facility for Investigating Polarization Bremsstrahlung in the Optical and X-ray Ranges Based on a 6-MeV Microtron |f A. N. Aleinik [et al.] | |
| 203 | |a Text |c electronic | ||
| 300 | |a Title screen | ||
| 320 | |a [References: p. 298 (8 tit.)] | ||
| 330 | |a The parameters of an experimental facility based on a 6-MeV microtron are given. In addition to the microtron, the facility includes a beam transport channel, a scattering chamber with a goniometer, detectors of different types, and a system of data collection and processing. A program of immediate future experimental investigations is outlined | ||
| 333 | |a Режим доступа: по договору с организацией-держателем ресурса | ||
| 461 | |t Russian Physics Journal | ||
| 463 | |t Vol. 44, iss. 3 |v [P. 292-298] |d 2001 | ||
| 610 | 1 | |a электронный ресурс | |
| 610 | 1 | |a труды учёных ТПУ | |
| 610 | 1 | |a microtron | |
| 610 | 1 | |a experiments | |
| 701 | 1 | |a Aleinik |b A. N. |c physicist |c Senior researcher of Tomsk Polytechnic University, Candidate of physical and mathematical science |f 1944- |g Aleksandr Nikonorovich |3 (RuTPU)RU\TPU\pers\31074 | |
| 701 | 1 | |a Andreyashkin |b M. Yu. | |
| 701 | 1 | |a Kalinin |b B. N. | |
| 701 | 1 | |a Karataev |b P. V. | |
| 701 | 1 | |a Naumenko |b G. A. |c physicist |c senior research fellow of Tomsk Polytechnic University |f 1947- |g Gennadiy Andreevich |3 (RuTPU)RU\TPU\pers\31524 | |
| 701 | 1 | |a Potylitsyn |b A. P. |c Russian physicist |c Professor of the TPU |f 1945- |g Alexander Petrovich |3 (RuTPU)RU\TPU\pers\26306 |9 12068 | |
| 701 | 1 | |a Saruev |b G. A. |c physicist |c Leading engineer of Tomsk Polytechnic University, Candidate of physical and mathematical sciences |f 1946- |g Gennady Alekseevich |3 (RuTPU)RU\TPU\pers\31569 | |
| 701 | 1 | |a Sharafutdinov |b A. F. | |
| 801 | 2 | |a RU |b 63413507 |c 20160330 |g RCR | |
| 856 | 4 | |u http://link.springer.com/article/10.1023%2FA%3A1011300204801 | |
| 942 | |c CF | ||